La rentabilidad de un proyecto público / (Registro nro. 8286)

Detalles MARC
000 -LEADER
fixed length control field 01047nam a2200241Ia 4500
003 - CONTROL NUMBER IDENTIFIER
control field OSt
005 - DATE AND TIME OF LATEST TRANSACTION
control field 20210810153052.0
008 - FIXED-LENGTH DATA ELEMENTS--GENERAL INFORMATION
fixed length control field 210310s1994 sp fr 000 0 spa d
020 ## - INTERNATIONAL STANDARD BOOK NUMBER
International Standard Book Number 8449001021
040 ## - CATALOGING SOURCE
Original cataloging agency CO-JMCR
Transcribing agency CO-JMCR
041 0# - LANGUAGE CODE
Language code of text/sound track or separate title spa
082 04 - DEWEY DECIMAL CLASSIFICATION NUMBER
Classification number 332.6 /
Item number R669r
Edition number 23
100 1# - MAIN ENTRY--PERSONAL NAME
Personal name Rocabert, Joan Pascal i,
9 (RLIN) 16845
Relator term autor
245 13 - TITLE STATEMENT
Title La rentabilidad de un proyecto público /
Statement of responsibility, etc. Joan Pascal i Rocabert
250 ## - EDITION STATEMENT
Edition statement Primera edición
260 ## - PUBLICATION, DISTRIBUTION, ETC.
Place of publication, distribution, etc. Bogotá :
Name of publisher, distributor, etc. Universidad Autónoma de Barcelona,
Date of publication, distribution, etc. 1994
300 ## - PHYSICAL DESCRIPTION
Extent 85 páginas ;
Dimensions 28 cm.
490 0# - SERIES STATEMENT
Series statement Materials ;
Volume/sequential designation Número 7
504 ## - BIBLIOGRAPHY, ETC. NOTE
Bibliography, etc. note Bibliografía: páginas 69-71
505 0# - FORMATTED CONTENTS NOTE
Formatted contents note La definición de los objetos -- Determinación del ámbito relevante para el proyecto -- La valoración -- El cálculo de la rentabilidad. Los métodos clásicos -- Nuevas aportaciones al cálculo de la rentabilidad -- Modelos dinámicos -- Algunas reglas de carácter práctico -- Casos particulares
650 14 - SUBJECT ADDED ENTRY--TOPICAL TERM
Topical term or geographic name entry element Proyectos públicos
9 (RLIN) 16847
Form subdivision Problemática
General subdivision Evaluación
942 ## - ADDED ENTRY ELEMENTS (KOHA)
Source of classification or shelving scheme Dewey Decimal Classification
Koha item type Books
Existencias
Withdrawn status Lost status Source of classification or shelving scheme Damaged status Not for loan Collection code Home library Current library Date acquired Source of acquisition Full call number Barcode Date last seen Copy number Koha item type
    Dewey Decimal Classification     Non-fiction Biblioteca Pública José María del Castillo y Rada Biblioteca Pública José María del Castillo y Rada 04/15/2018 Donación 332.6 / R669r 430002873 05/16/2024 Ej.1 Books